000 00235nam a2200109Ia 4500
008 190216s9999||||xx |||||||||||||| ||und||
100 _aMadhavamenon C
245 0 _aKochunarthaki
260 _bNull
650 _aKavithkal
942 _cBK
999 _c24139
_d24139